LEADER 01044nam a2200241 4500 001 000000342281 003 CaOOAMICUS 005 20200928000000.0 008 200928s2005 it 000 u ita r 020 $a88-399-2391-8 040 $aSeMil$bita 100 1 $aRuggeri, Giacomo,$d<1969- >.$0(OLS)http://semarc/name/76798 245 13$aIl profumo del pane :$bl'eucaristia che sa di vita /$cGiacomo Ruggeri ; prefazione di mons. Angelo Comastri. 264 1$aBrescia :$bQueriniana,$c2005. 300 $a123 p. ;$c20,5 cm 650 4$aEucaristia.$0(OLS)http://semarc/subject/3487 700 1 $aComastri, Angelo,$c.$0(OLS)http://semarc/name/5864 850 $aSeMil 852 $aSeMil$W1$xVenegono$y1$m3F II 990$j221868$B233562$CSeMilBibl$Z2$F233562 $81 996 $6020$a88-399-2391-8$9(OLS)http://semarc/number/291339 996 $6245$aIl profumo del pane :$bl'eucaristia che sa di vita$9(OLS)http://semarc/title/431136 996 $6264$aBrescia :$bQueriniana$9(OLS)http://semarc/publisher/29615 LEADER 00909nam a2200229 i 4500 001 000000053048 003 CaOOAMICUS 005 20040526000000.0 008 040526s1995 it u000 u ita u 013 $a24220 040 $aSeMil$bita 245 10$aPinacoteca di Brera :$bscuole straniere. 300 $a225 p. :$briccamente ill. 490 0 $aMusei e gallerie di Milano 500 $aContiene : Biliografia. - In custodia. 650 4$aMilano - Pinacoteca di Brera - Cataloghi.$0(OLS)http://semarc/subject/6695 650 4$aPittura - Europa - Sec. 16.-18. - Collezioni.$0(OLS)http://semarc/subject/10933 830 0$aMusei e gallerie di Milano.$0(OLS)http://semarc/title/491 850 $aSeMil 852 $aSeMil$W1$xVenegono$y1$m5G XVI 40$j19202$B19202$CSeMilBibl$Z2$F19204 $81 961 $aOmaggio: Donazione 996 $6245$aPinacoteca di Brera :$bscuole straniere$9(OLS)http://semarc/title/81615